000 00281nam a2200109Ia 4500
008 200302s9999 xx 000 0 und d
100 _aCharles Jencks
245 _aTowards Symbolic Architecture The Thematic House
260 _bAcademy Group. Ltd.
260 _c1985
300 _a248 P.,
999 _c764
_d764